000 00648nam a2200217Ii 4500
003 JO-AjNU
008 230605s9999||||xx |||||||||||||| ||und||
017 _a96/2418
040 _aJO-AjNU
_bara
_erda
_cJO-AjNU
041 _aara
050 1 4 _aRD31 1998
100 3 _aالجهاني ، عبدالحميد ابو بكر ,
_eauthor
_910622
245 0 0 _aعلم طب وجراحة الحوادث
250 _aط1
264 3 1 _aبيروت:دار الجيل ، 1998
300 _a184ص
336 _atext
_btxt
_2rdacontent
337 _aunmediated
_bn
_2rdamedia
338 _avolume
_bnc
_2rdacarrier
650 4 _aالحوادث - الطب
_910623
999 _aA1901
_c5469
_d5469